Cities With The Most Brazilians - Statistics

General Stats
  • This quiz has been taken 29 times
  • The average score is 37 of 45
Answer Stats
People Hint City % Correct
97,400 Spain Barcelona
100%
125,000 Argentina Buenos Aires
100%
324,000 Portugal Lisbon
100%
198,000 UK London
100%
116,000 Spain Madrid
100%
89,600 Italy Milan
100%
88,600 France Paris
100%
167,500 Portugal Porto
100%
70,500 Italy Rome
100%
77,600 Japan Tokyo
100%
79,800 Netherlands Amsterdam
96%
67,500 Germany Berlin
96%
81,000 Ireland Dublin
96%
63,700 Uruguay Montevideo
96%
57,200 USA New York
96%
11,400 Norway Oslo
96%
24,900 Chile Santiago
96%
24,300 Australia Sydney
96%
32,600 Belgium Brussels
92%
42,000 Germany Munich
92%
16,900 Sweden Stockholm
92%
38,600 Canada Toronto
92%
33,200 Spain Valencia
92%
31,900 Switzerland Zurich
92%
14,900 USA Los Angeles
88%
48,100 USA Miami
88%
11,800 USA San Francisco
88%
14,300 Israel Tel Aviv
88%
19,000 Canada Vancouver
88%
21,000 Paraguay Asuncion
84%
12,300 Australia Melbourne
84%
75,000 USA Boston
80%
12,000 Canada Montreal
80%
12,500 Italy Turin
76%
15,000 Germany Cologne
72%
10,000 USA Washington DC
72%
122,000 Japan Nagoya
68%
18,500 USA Orlando
68%
12,100 Spain Malaga
64%
11,300 USA Philadelphia
64%
26,900 Portugal Braga
48%
14,000 Spain Palma de Mallorca
40%
15,800 Portugal Aveiro
32%
101,200 Paraguay Ciudad Del Este
32%
13,000 Portugal Leiria
24%
No matching quizzes found
Score Distribution
Percent of People with Each Score
Percentile by Number Answered
Your Score History
You have not taken this quiz